Wheels (Record no. 348590)

000 -LEADER
fixed length control field 00380 a2200145 4500
082 ## - DEWEY DECIMAL CLASSIFICATION NUMBER
Classification number 388
090 ## - LOCALLY ASSIGNED LC-TYPE CALL NUMBER (OCLC); LOCAL CALL NUMBER (RLIN)
-- 6218
-- 6218
100 ## - MAIN ENTRY--PERSONAL NAME
Personal name Owen, Wilfred.; Bowen, Ezra
245 ## - TITLE STATEMENT
Title Wheels
Remainder of title Life Science Library
Statement of responsibility, etc. Wilfred owen
Medium Ezra Bowen
Number of part/section of a work English
250 ## - EDITION STATEMENT
Edition statement 2nd Ed.
260 ## - PUBLICATION, DISTRIBUTION, ETC.
Place of publication, distribution, etc. Hong Kong
Name of publisher, distributor, etc. Time-Life Books
Date of publication, distribution, etc. 1989
300 ## - PHYSICAL DESCRIPTION
Extent 200
500 ## - GENERAL NOTE
General note hardcover
942 ## - ADDED ENTRY ELEMENTS (KOHA)
Institution code [OBSOLETE] NBS
Koha item type Book
Call number prefix 338 OWE
Holdings
Withdrawn status Lost status Damaged status Not for loan Permanent Location Current Location Date acquired Total Checkouts Full call number Barcode Date last seen Price effective from Koha item type
        Central Library (CL) Central Library (CL) 08/28/2013   338 OWE NBSD-1717 08/28/2013 08/28/2013 Book
© 2023 Central Library, National University of Sciences and Technology. All Rights Reserved.